A Blue print for Carporate Goverance (Record no. 2832)

MARC details
000 -LEADER
fixed length control field 00395nam a22001697a 4500
005 - DATE AND TIME OF LATEST TRANSACTION
control field 20160615162934.0
008 - FIXED-LENGTH DATA ELEMENTS--GENERAL INFORMATION
fixed length control field 160615b xxu||||| |||| 00| 0 eng d
020 ## - INTERNATIONAL STANDARD BOOK NUMBER
ISBN 978-81-203-3553-0
041 ## - LANGUAGE CODE
Language code of text/sound track or separate title eng
082 ## - DEWEY DECIMAL CLASSIFICATION NUMBER
Item number 7861
100 ## - MAIN ENTRY--AUTHOR NAME
Personal name Kaen, Fred R
245 ## - TITLE STATEMENT
Title A Blue print for Carporate Goverance
260 ## - PUBLICATION, DISTRIBUTION, ETC. (IMPRINT)
Name of publisher PHI
Year of publication 2008
300 ## - PHYSICAL DESCRIPTION
Number of Pages 214
650 ## - SUBJECT ADDED ENTRY--TOPICAL TERM
Topical Term Management
942 ## - ADDED ENTRY ELEMENTS (KOHA)
Koha item type Books
Holdings
Lost status Damaged status Home library Current library Shelving location Date acquired Cost, normal purchase price Full call number Accession Number Koha item type
    JRU Library   SHELF-32-D 15/06/2016 350.00 7861 7861 Books